[Event "Druga liga CS - Istok 2018 grupa sever"]
[Site ""]
[Date "2018.09.08"]
[Round "2.18"]
[White "Tosic, Nebojsa"]
[Black "Pantic, Dejan"]
[Result "1-0"]
[WhiteElo "2085"]
[BlackElo "1822"]
[PlyCount "0"]
[WhiteTeam "RUDAR - Kostolac"]
[BlackTeam "RADNICKI - Cuprija"]
[EventDate "2018.09.07"]

1.e4 c5 2.Nf3 d6 3.d4 cxd4 4.Nxd4 Bd7 5.Bc4 Nf6 6.Nc3 Nc6 7.Bb3
Na5 8.Qe2 Nxb3 9.axb3 g6 10.f4 e6 11.e5 Nh5 12.O-O d5 13.f5 Bc5
14.Be3 exf5 15.e6 fxe6 16.Nxe6 Bxe6 17.Bxc5 Kf7 18.Nb5 Qd7 19.Rae1
Rhe8 20.Nd6+ Kg8 21.Nxe8 Rxe8 22.Bd4 Bf7 23.Qd2 Re4 24.Bc3 Be6
25.Qg5 Rg4 26.Qe3 Re4 27.Qxa7 Qc8 28.Rxe4 dxe4 29.Qd4 Kf7 30.g4 1-0

[Event "Druga liga CS - Istok 2018 grupa sever"]
[Site ""]
[Date "2018.09.08"]
[Round "2.21"]
[White "Radosavljevic, Slobodan D"]
[Black "Maksimovic, Bojan"]
[Result "0-1"]
[WhiteElo "2228"]
[BlackElo "2256"]
[PlyCount "0"]
[WhiteTeam "KABLOVI - Jagodina"]
[BlackTeam "POZAREVACKI SK -Pozarevac"]
[EventDate "2018.09.07"]

1.g3 e5 2.c4 Nf6 3.Bg2 Nc6 4.Nf3 g6 5.Nc3 Bg7 6.O-O O-O 7.d4
exd4 8.Nxd4 Nxd4 9.Qxd4 d6 10.Qd3 Re8 11.Rb1 Nd7 12.b3 Nc5 13.Qc2
a5 14.Bb2 Bd7 15.Rbd1 Bc6 16.Rfe1 Bxg2 17.Kxg2 c6 18.e4 Qc7 19.f3
Rad8 20.h4 Be5 21.f4 Bg7 22.Re2 Rd7 23.h5 Rde7 24.hxg6 fxg6 25.Rde1
Qd7 26.Na4 Nxa4 27.Bxg7 Kxg7 28.bxa4 Re6 29.Qc3+ Kg8 30.Qxa5
Qe7 31.Kf3 Qf7 32.Qg5 Re5 33.Qg4 Rc5 34.Rc1 d5 35.e5 dxc4 36.e6
Qf6 37.Kg2 c3 38.Rcc2 Kg7 39.Re3 h5 40.Kh3 0-1

[Event "Druga liga CS - Istok 2018 grupa sever"]
[Site ""]
[Date "2018.09.08"]
[Round "2.22"]
[White "Rajkovic, Aleksandar"]
[Black "Spasojevic, Zoran M"]
[Result "1/2-1/2"]
[WhiteElo "2171"]
[BlackElo "2201"]
[PlyCount "0"]
[WhiteTeam "POZAREVACKI SK -Pozarevac"]
[BlackTeam "KABLOVI - Jagodina"]
[EventDate "2018.09.07"]

1.d4 d5 2.Nf3 e6 3.c4 c5 4.Nc3 Nc6 5.e3 Nf6 6.Bd3 Be7 7.O-O O-O
8.dxc5 Bxc5 9.a3 a5 10.Qe2 Qe7 11.cxd5 exd5 12.e4 dxe4 13.Nxe4
Nxe4 14.Qxe4 Qxe4 15.Bxe4 Be6 16.Ng5 Bc4 17.Re1 1/2-1/2

[Event "Druga liga CS - Istok 2018 grupa sever"]
[Site ""]
[Date "2018.09.08"]
[Round "2.23"]
[White "Ivic, Matija"]
[Black "Rajkovic, Ljubisa"]
[Result "1-0"]
[WhiteElo "2246"]
[BlackElo "2092"]
[PlyCount "0"]
[WhiteTeam "KABLOVI - Jagodina"]
[BlackTeam "POZAREVACKI SK -Pozarevac"]
[EventDate "2018.09.07"]

1.Nf3 Nf6 2.g3 g6 3.Bg2 Bg7 4.O-O O-O 5.c4 d6 6.Nc3 c5 7.a3 Nc6
8.Rb1 e5 9.b4 Be6 10.d3 Rb8 11.Qa4 Bd7 12.Nb5 Nxb4 13.axb4 a6
14.bxc5 e4 15.dxe4 Nxe4 16.Qc2 axb5 17.cxd6 Re8 18.c5 Nc3 19.Bg5
Qc8 20.Rbe1 Qxc5 21.e4 Nxe4 22.Qxc5 Nxc5 23.Be7 b4 24.Re3 b3
25.Ne5 Be6 26.Rb1 b2 27.f4 Na4 28.Ra3 Bf5 29.Rxa4 Bxb1 30.Rb4
Bf5 31.Rxb2 Rec8 32.Bxb7 Rc1+ 33.Kf2 Bxe5 34.fxe5 Bd7 35.Ke3
h6 36.Kd4 Be6 37.Bf6 Bd7 38.Ke3 Kf8 39.Kd4 Ke8 40.Be7 h5 41.e6
fxe6 42.Be4 e5+ 43.Kxe5 Bb5 44.Bxg6+ Kd7 45.Bf5+ Kc6 46.d7 Re1+
47.Kf6 1-0

[Event "Druga liga CS - Istok 2018 grupa sever"]
[Site ""]
[Date "2018.09.08"]
[Round "2.24"]
[White "Zivanovic, Zoran M"]
[Black "Popovic, Djordje D"]
[Result "0-1"]
[WhiteElo "2049"]
[BlackElo "2234"]
[PlyCount "0"]
[WhiteTeam "POZAREVACKI SK -Pozarevac"]
[BlackTeam "KABLOVI - Jagodina"]
[EventDate "2018.09.07"]

1.e4 c5 2.Nf3 d6 3.d4 cxd4 4.Nxd4 Nf6 5.Nc3 a6 6.Be2 e5 7.Nf3
Be7 8.h3 h6 9.Be3 Be6 10.Qd2 Nbd7 11.O-O-O b5 12.Bd3 Qa5 13.a3
Rb8 14.Nd5 Qxd2+ 15.Nxd2 Nxd5 16.exd5 Bxd5 17.Be4 Nf6 18.Bxd5
Nxd5 19.Ba7 Rb7 20.Ne4 Nf6 21.Nxf6+ Bxf6 22.Be3 Ke7 23.c3 Ke6
24.Rhe1 Rc8 25.Kb1 Rc4 26.Rd2 Bg5 27.Bxg5 hxg5 28.Red1 Rd7 29.Rd5
Rc5 30.R5d2 d5 31.f3 a5 32.Ka2 Rc4 33.Kb3 f5 34.Rd3 a4+ 35.Kc2
Rcc7 36.Kb1 Rc4 37.Re1 d4 38.cxd4 Rdxd4 39.Rxd4 Rxd4 40.Kc2 Kd5
41.Re2 e4 42.fxe4+ Rxe4 43.Rd2+ Ke5 44.Rf2 g4 45.Kd3 Rd4+ 46.Kc3
gxh3 47.gxh3 Rc4+ 48.Kd3 g5 49.Ke3 Rh4 50.Rf3 g4 51.hxg4 fxg4
52.Rf2 Rh3+ 53.Kd2 Rb3 54.Kc2 g3 55.Rf1 Ke4 56.Re1+ Kf3 57.Rf1+
Ke2 58.Rf8 Rf3 0-1

[Event "Druga liga CS - Istok 2018 grupa sever"]
[Site ""]
[Date "2018.09.08"]
[Round "2.25"]
[White "Stefanovic, Vladimir"]
[Black "Nikolic, Dejan"]
[Result "1/2-1/2"]
[WhiteElo "2239"]
[BlackElo "1861"]
[PlyCount "0"]
[WhiteTeam "KABLOVI - Jagodina"]
[BlackTeam "POZAREVACKI SK -Pozarevac"]
[EventDate "2018.09.07"]

1.g3 Nf6 2.Bg2 d6 3.c4 c5 4.Nf3 g6 5.d4 cxd4 6.Nxd4 Bg7 7.O-O
O-O 8.Nc3 a6 9.h3 Qc7 10.b3 Bd7 11.Bb2 Nc6 12.e3 Rac8 13.Rc1
Nxd4 14.Qxd4 Bc6 15.Qd2 Bxg2 16.Kxg2 Qc6+ 17.Kh2 Ne4 18.Nxe4
Bxb2 19.Qxb2 Qxe4 20.Qd4 Qf3 21.Qd5 1/2-1/2

[Event "Druga liga CS - Istok 2018 grupa sever"]
[Site ""]
[Date "2018.09.08"]
[Round "2.26"]
[White "Kandjolas, Konstantin"]
[Black "Blagojevic, Vladan"]
[Result "1/2-1/2"]
[WhiteElo "1915"]
[BlackElo "2107"]
[PlyCount "0"]
[WhiteTeam "POZAREVACKI SK -Pozarevac"]
[BlackTeam "KABLOVI - Jagodina"]
[EventDate "2018.09.07"]

1.d4 Nf6 2.c4 c5 3.d5 d6 4.Nc3 g6 5.e4 Bg7 6.Nf3 O-O 7.Be2 Nbd7
8.O-O b6 9.h3 a6 10.Qc2 Qc7 11.Be3 e5 1/2-1/2

[Event "Druga liga CS - Istok 2018 grupa sever"]
[Site ""]
[Date "2018.09.08"]
[Round "2.27"]
[White "Radisavljevic, Dalibor"]
[Black "Dubravcic, Nikola"]
[Result "1-0"]
[WhiteElo "1985"]
[BlackElo "1815"]
[PlyCount "0"]
[WhiteTeam "KABLOVI - Jagodina"]
[BlackTeam "POZAREVACKI SK -Pozarevac"]
[EventDate "2018.09.07"]

1.Nf3 d5 2.g3 Nf6 3.Bg2 e6 4.O-O Bd6 5.d3 O-O 6.c4 Nbd7 7.Nc3
c6 8.e4 dxe4 9.dxe4 Ne5 10.Nxe5 Bxe5 11.Qe2 Bxc3 12.bxc3 Qa5
13.e5 Nd7 14.f4 Nb6 15.Be3 Qxc3 16.Rac1 Qa5 17.Rfd1 c5 18.Qf2
Nd7 19.Rd6 Rb8 20.Rcd1 Nb6 21.Bf1 Na4 22.Qc2 Qc3 23.Qb3 b5 24.Rc1
Qb4 25.cxb5 Bb7 26.Qxb4 cxb4 27.Bxa7 Ra8 28.b6 Bd5 29.Bc4 Nc3
30.Bxd5 Nxd5 31.Rc4 h6 32.Kf2 Rfe8 33.Rxd5 exd5 34.Rxb4 Kf8 35.Ke3
Ke7 36.f5 Kd7 37.Kd4 Kc6 38.a4 Re7 39.Rb5 Raxa7 40.bxa7 Rxa7
41.Rc5+ Kb6 42.a5+ Ka6 43.Kxd5 Rd7+ 44.Kc6 Rd2 45.e6 fxe6 46.fxe6 1-0

[Event "Druga liga CS - Istok 2018 grupa sever"]
[Site ""]
[Date "2018.09.08"]
[Round "2.28"]
[White "Tosic, Jovan"]
[Black "Milosevic, Aleksandar J"]
[Result "0-1"]
[WhiteElo "1493"]
[BlackElo "2046"]
[PlyCount "0"]
[WhiteTeam "POZAREVACKI SK -Pozarevac"]
[BlackTeam "KABLOVI - Jagodina"]
[EventDate "2018.09.07"]

1.f4 c5 2.Nf3 Nc6 3.c3 Nf6 4.g3 g6 5.d3 d5 6.Bg2 Bg7 7.O-O O-O
8.h3 e6 9.Be3 d4 10.cxd4 cxd4 11.Bf2 Nd5 12.Nbd2 Bd7 13.Re1 Rc8
14.a3 Ne3 15.Qb1 Ne7 16.Bxe3 dxe3 17.Nc4 b5 18.Nce5 Nc6 19.Rd1
Nxe5 20.fxe5 Bc6 21.d4 f5 22.Qd3 Bh6 23.Rac1 a6 24.Ne1 Bxg2 25.Nxg2
Qg5 26.Rxc8 Rxc8 27.Kh2 Rf8 28.Nf4 Qe7 29.Qb3 Bxf4 30.gxf4 Rc8
31.Qxe3 Rc2 32.Rd2 Rc1 33.Qf3 Qh4 34.e3 Re1 35.Qg3 0-1

[Event "Druga liga CS - Istok 2018 grupa sever"]
[Site ""]
[Date "2018.09.08"]
[Round "2.31"]
[White "Pavlovic, Goran"]
[Black "Garic, Radomir"]
[Result "1/2-1/2"]
[WhiteElo "2361"]
[BlackElo "2304"]
[PlyCount "0"]
[WhiteTeam "VGSK - Veliko Gradiste"]
[BlackTeam "MAJDANPEK - Majdanpek"]
[EventDate "2018.09.07"]

1.d4 Nf6 2.Nf3 g6 3.c4 Bg7 4.Nc3 d6 5.e4 O-O 6.Be2 c5 7.O-O cxd4
8.Nxd4 Nc6 9.Be3 Bd7 10.f3 Nxd4 11.Bxd4 Bc6 12.Qd2 Nd7 13.Bxg7
Kxg7 14.f4 Qa5 15.Kh1 Qc5 16.Rae1 Rad8 17.Bd3 e6 18.Rf3 f5 19.Rfe3
Nf6 20.exf5 exf5 21.h3 Rfe8 22.Bf1 Rxe3 23.Rxe3 Be4 24.b4 Qb6
25.a3 d5 26.c5 Qc7 27.Re1 Nh5 28.Ne2 Kf7 29.Kg1 Qe7 30.Rc1 a6
31.c6 bxc6 32.Nd4 Qh4 33.Rxc6 Nxf4 34.Qc3 Rd7 35.Rc7 Rxc7 36.Qxc7+
Kg8 37.Qb8+ Kf7 38.Qc7+ Kg8 39.Qb8+ Kf7 1/2-1/2

[Event "Druga liga CS - Istok 2018 grupa sever"]
[Site ""]
[Date "2018.09.08"]
[Round "2.33"]
[White "Djokic, Nebojsa"]
[Black "Ugrenovic, Bozidar"]
[Result "1-0"]
[WhiteElo "2228"]
[BlackElo "2228"]
[PlyCount "0"]
[WhiteTeam "VGSK - Veliko Gradiste"]
[BlackTeam "MAJDANPEK - Majdanpek"]
[EventDate "2018.09.07"]

1.e4 e5 2.Nf3 Nf6 3.Nxe5 d6 4.Nf3 Nxe4 5.Nc3 Nxc3 6.dxc3 Be7
7.Be3 O-O 8.Qd2 Nd7 9.O-O-O Nf6 10.Bd3 c5 11.c4 b5 12.Kb1 a6
13.Rhe1 Be6 14.Qe2 Rb8 15.Ng5 Qb6 16.cxb5 axb5 17.Nxe6 fxe6 18.Bg5
e5 19.Bf5 Ra8 20.Bxf6 Rxf6 21.Bxh7+ Kh8 22.Be4 Raf8 23.Rd3 c4
24.Rh3+ Rh6 25.Rxh6+ gxh6 26.Qh5 Bg5 27.Qg6 Qc7 28.f3 c3 29.Rd1
Rf6 30.Qe8+ Kg7 31.Qxb5 Bd2 32.Qb7 Qxb7 33.Bxb7 Kf7 34.bxc3 Bxc3
35.Rd3 Bd4 36.Bd5+ Ke7 37.g4 Kd7 38.Rb3 Kc8 39.c3 Bc5 40.Kc2
Rf4 41.c4 Bf2 42.a4 Rd4 43.Rd3 Rf4 44.a5 Bg1 45.Rd1 Bc5 46.Rb1
h5 47.h3 Rf8 48.a6 hxg4 49.hxg4 Rh8 50.Kd3 Rh7 51.Ke4 Rg7 52.Rb7 1-0

[Event "Druga liga CS - Istok 2018 grupa sever"]
[Site ""]
[Date "2018.09.08"]
[Round "2.34"]
[White "Milunovic, Toni"]
[Black "Djukic, Slobodan D"]
[Result "1/2-1/2"]
[WhiteElo "2174"]
[BlackElo "2159"]
[PlyCount "0"]
[WhiteTeam "MAJDANPEK - Majdanpek"]
[BlackTeam "VGSK - Veliko Gradiste"]
[EventDate "2018.09.07"]

1.Nf3 Nf6 2.c4 g6 3.Nc3 Bg7 4.e4 d6 5.d4 O-O 6.Be2 e5 7.O-O Nc6
8.Be3 Ng4 9.Bg5 f6 10.Bh4 g5 11.Bg3 Nh6 12.dxe5 fxe5 13.Nd5 Nf7
14.Ne1 Nd4 15.Bh5 c6 16.Ne3 Be6 17.h3 Nh6 18.Nd3 c5 19.b4 b6
20.a4 a5 21.b5 Kh8 22.Rc1 Ra7 23.Nd5 Rb7 24.Ne1 Ng8 25.Nc2 Nf6
26.Nxf6 Qxf6 27.Ne3 Qd8 28.Re1 Bf6 29.Bg4 Qd7 30.Bxe6 Qxe6 31.Qh5
Bd8 32.Nd5 Rg7 33.Ne3 Rg6 34.Ng4 Kg7 35.Rc3 Be7 36.f3 Qf7 37.Ne3
Qe6 38.Ng4 Qf7 39.Ne3 Qe6 40.Ng4 Qf7 1/2-1/2

[Event "Druga liga CS - Istok 2018 grupa sever"]
[Site ""]
[Date "2018.09.08"]
[Round "2.35"]
[White "Madjar, Stanislav"]
[Black "Simic, Petar S"]
[Result "1/2-1/2"]
[WhiteElo "2192"]
[BlackElo "2031"]
[PlyCount "0"]
[WhiteTeam "VGSK - Veliko Gradiste"]
[BlackTeam "MAJDANPEK - Majdanpek"]
[EventDate "2018.09.07"]

1.c4 c5 2.Nc3 Nc6 3.Nf3 e5 4.g3 g6 5.Bg2 Bg7 6.O-O Nge7 7.Ne1
O-O 8.Nc2 d6 9.Rb1 a5 10.a3 Be6 11.Ne3 Rb8 12.Ned5 f5 13.d3 h6
14.b4 axb4 15.axb4 cxb4 16.Nxb4 Nxb4 17.Rxb4 d5 18.cxd5 Nxd5
19.Nxd5 Bxd5 20.Rb5 Bxg2 21.Qb3+ Kh7 22.Kxg2 Qd7 23.Be3 f4 24.Ba7
f3+ 25.exf3 Rbd8 26.Rxb7 Qf5 27.Qd1 Rxd3 28.Qe2 Rxf3 29.Rd1 Qe6
30.Qe4 R3f7 31.Bc5 Rc8 32.Rd6 Qf5 33.Qxf5 Rxf5 34.Be3 g5 35.Re6
Kg8 36.Ree7 Bf8 37.Rh7 Rc6 38.g4 Rff6 39.h3 Rg6 40.Rhd7 Rg7 41.Kf3
Rc4 42.Rxg7+ Bxg7 43.Ba7 Rf4+ 44.Kg3 Rc4 45.Bb8 e4 46.Ba7 Be5+
47.Kg2 Bf4 48.Re7 Ra4 49.Bb6 Rb4 50.Bc5 Rc4 51.Ba7 Ra4 52.Bb6
Rb4 53.Bc5 Rc4 54.Ba7 Ra4 55.Bb6 Rb4 56.Bc5 Rc4 1/2-1/2

[Event "Druga liga CS - Istok 2018 grupa sever"]
[Site ""]
[Date "2018.09.08"]
[Round "2.36"]
[White "Delic, Brano"]
[Black "Mickovic, Slavisa"]
[Result "1/2-1/2"]
[WhiteElo "1830"]
[BlackElo "2072"]
[PlyCount "0"]
[WhiteTeam "MAJDANPEK - Majdanpek"]
[BlackTeam "VGSK - Veliko Gradiste"]
[EventDate "2018.09.07"]

1.b4 a5 2.b5 e5 3.Bb2 d6 4.c4 Nd7 5.Nf3 Ngf6 6.e3 e4 7.Ng5 h6
8.Nh3 Nc5 9.Nf4 g6 10.d4 exd3 11.Nxd3 Nxd3+ 12.Bxd3 Bg7 13.Qc2
O-O 14.Nd2 b6 15.Nf3 Bb7 16.Nd4 Qe7 17.O-O-O Nd7 18.Rde1 Nc5
19.f3 a4 20.h4 d5 21.Ba3 Rfe8 22.Kb1 Qf6 23.Bb2 Rad8 24.h5 Nxd3
25.Qxd3 dxc4 26.Qxc4 Bd5 27.Qc2 Qd6 28.hxg6 fxg6 29.a3 Bf7 30.Re2
Qd5 31.Rd1 Qa2+ 32.Kc1 Qc4 33.Qxc4 Bxc4 34.Rc2 Bb3 35.Nxb3 Rxd1+
36.Kxd1 axb3 37.Re2 Bxb2 38.Rxb2 Rxe3 39.Kd2 Re7 40.Rxb3 Kf7
41.Rc3 Kf6 42.Rc6+ Kg5 43.g3 h5 44.Rc4 Kf5 45.Kd3 Rd7+ 46.Ke3
Re7+ 47.Kd3 Rd7+ 48.Ke3 Re7+ 1/2-1/2

[Event "Druga liga CS - Istok 2018 grupa sever"]
[Site ""]
[Date "2018.09.08"]
[Round "2.37"]
[White "Kostic, Tomislav"]
[Black "Brankovan, Mario"]
[Result "1-0"]
[WhiteElo "2045"]
[BlackElo "1916"]
[PlyCount "0"]
[WhiteTeam "VGSK - Veliko Gradiste"]
[BlackTeam "MAJDANPEK - Majdanpek"]
[EventDate "2018.09.07"]

1.e4 d5 2.exd5 Qxd5 3.Nc3 Qd6 4.d4 c6 5.Nf3 Nf6 6.Bc4 Bg4 7.Bxf7+
Kxf7 8.Ne5+ Kg8 9.Nxg4 Nbd7 10.O-O h5 11.Nxf6+ Nxf6 12.Ne2 Rd8
13.Bf4 Qd5 14.c3 g5 15.Be5 Rh6 16.Qc1 Rg6 17.Qc2 Kf7 18.f4 g4
19.f5 Rh6 20.Nf4 Qe4 21.Qb3+ Ke8 22.Rae1 1-0

[Event "Druga liga CS - Istok 2018 grupa sever"]
[Site ""]
[Date "2018.09.08"]
[Round "2.38"]
[White "Nikolic, Lazar"]
[Black "Kostic, Marko"]
[Result "1-0"]
[WhiteElo "1569"]
[BlackElo "1971"]
[PlyCount "0"]
[WhiteTeam "MAJDANPEK - Majdanpek"]
[BlackTeam "VGSK - Veliko Gradiste"]
[EventDate "2018.09.07"]

1.e4 e5 2.Nf3 Nc6 3.Bc4 Bc5 4.d3 d6 5.h3 Nge7 6.Bg5 a6 7.Nc3
f6 8.Be3 Bxe3 9.fxe3 Na5 10.Bb3 Nxb3 11.axb3 Be6 12.O-O Qd7 13.d4
Ng6 14.d5 Bf7 15.Ne2 Qb5 16.Qd2 Rc8 17.Ng3 Ne7 18.Nh4 Qb6 19.Nhf5
Nxf5 20.Nxf5 Rg8 21.Rf3 Bg6 22.Qa5 Qxa5 23.Rxa5 Bxf5 24.exf5
Ke7 25.e4 c6 26.c3 cxd5 27.Rxd5 Rc6 28.Rfd3 Rb6 29.b4 Rc8 30.Kf2
Rc4 31.Kf3 g6 32.g4 g5 33.Rd1 Rc8 34.Rh1 Rh8 35.h4 h5 36.Kg3
hxg4 37.h5 Rh6 38.Kxg4 Rc6 39.Rhd1 Kd7 40.R1d3 Kc7 41.b3 b5 42.Rh3
Kc8 43.Rd2 Kd7 44.Rc2 Rb6 45.c4 bxc4 46.Rxc4 Rb5 47.Rhc3 Rb7
48.Rc2 d5 49.exd5 Kd6 50.Ra2 Rb6 51.Ra5 Rb7 52.Rac5 Rb6 53.Rc8
Rb7 54.Rd8+ Ke7 55.Ra8 Rb6 56.Ra7+ Kd6 57.Rg7 Rb8 58.Rgc7 Rb5
59.Rc8 Rb7 60.Rd8+ Ke7 61.Ra8 Kd6 62.Rxa6+ Kxd5 63.Rc5+ Ke4 64.b5
Rd7 65.Ra4+ Ke3 66.b6 Rd1 67.Rc3+ Kd2 68.b7 Kxc3 69.b8Q Rg1+
70.Kf3 Rxh5 71.Qb4+ Kc2 72.Qe4+ Kxb3 73.Qc4+ 1-0